| 000 | 01227cam a22003371i 4500 | ||
|---|---|---|---|
| 001 | 6104661 | ||
| 003 | EG-ScBUE | ||
| 005 | 20240325095233.0 | ||
| 008 | 711208s1963 nyu f b 001 0beng d | ||
| 035 | _a(OCoLC)179879 | ||
| 040 |
_aDLC _beng _erda _cOGK _dOCoLC _dDLC _dEG-ScBUE |
||
| 041 | 1 |
_aeng _hfre |
|
| 082 | 0 | 4 |
_a928.4 _222 _bSAR |
| 100 | 1 |
_aSartre, Jean-Paul, _d1905-1980, _eauthor. _910609 |
|
| 240 | 1 | 0 |
_aSaint Genet, comédien et martyr. _lEnglish. |
| 245 | 1 | 0 |
_aSaint Genet, actor and martyr / _cby Jean-Paul Sartre ; translated from the French by Bernard Frechtman. |
| 264 | 1 |
_aNew York : _bGeorge Braziller, _c1963. |
|
| 300 |
_a625 pages ; _c25 cm |
||
| 336 |
_2rdacontent _atext _btxt |
||
| 337 |
_aunmediated _2rdamedia _bn |
||
| 338 |
_avolume _bnc _2rdacarrier |
||
| 504 | _aIncludes bibliographical references and index. | ||
| 546 | _aText in English ; translated from the original French. | ||
| 600 | 1 | 7 |
_aGenet, Jean, _d1910-1986. _2BUEsh _910610 |
| 650 | 7 |
_aAuthors, French _y20th century _vBiography. _2BUEsh |
|
| 650 | 7 |
_aCriminals _zFrance _vBiography. _2BUEsh |
|
| 655 | _vReading book | ||
| 700 | 1 |
_aFrechtman, Bernard, _etranslator. |
|
| 942 |
_2ddc _cBB |
||
| 999 |
_c13192 _d13192 |
||